000 01423cam a2200397 a 4500
999 _c26920
_d26920
001 2608907
005 20170207091746.0
008 970814s1996 enka b 001 0 eng d
010 _a 97196481
020 _a0863773982
035 _a(OCoLC)36992095
050 0 0 _aNC1763 .P677R56 1996
082 0 4 _a153.7
_221
100 1 _aRhodes, Gillian.
245 1 0 _aSuperportraits :
_bcaricatures and recognition /
_cGillian Rhodes.
260 _aHove, East Sussex, UK :
_bPsychology Press,
_cc1996.
300 _ax, 174 p. :
_bill. ;
_c24 cm.
440 0 _aEssays in cognitive psychology,
_x0959-4779
504 _aIncludes bibliographical references (p. 147-163) and indexes.
650 0 _aPortraits
_xCaricatures and cartoons.
650 0 _aCaricature
_xTechnique.
650 0 _aCaricature
_xPsychological aspects.
650 0 _aWit and humor, Pictorial.
856 4 2 _3Publisher description
_uhttp://www.loc.gov/catdir/enhancements/fy0652/97196481-d.html
942 _2lcc
_cBOOKS